000 00581nam a22001937a 4500
003 0
005 20251121144830.0
008 251121b xxu||||| |||| 00| 0 eng d
020 _a978-0-316-11506-3
050 _aPZ 7
_b.H2456 Se 2007
100 _aHarrison, Lisi,
_eauthor.
245 _aSealed with a Diss /
_cLisi Harrison.
260 _aNew York :
_bPoppy, Little, Brown and Company,
_c2007.
300 _a248 pages ;
_c20 cm.
490 _aThe Clique ;
_vbook 8
650 _aFriendship
_vJuvenile fiction.
650 _aSocial groups
_vJuvenile fiction.
942 _2lcc
_cBK
999 _c368683
_d368683